000 01467nam a2200445 a 4500
001 37418
003 BD-RjUL
005 20211209052616.0
008 150112s2013 maua b 001 0 eng
020 _a9781449644796 (pbk. w/online access code)
020 _a9781449612658 (pbk.)
035 _a(DNLM)101563968
_a(BD-RjUL)37522
040 _aDNLM/DLC
_cDLC
_dDLC
_dBD-RjUL
_beng
041 _aeng
060 1 0 _aQU 470
082 0 0 _a576.5
_223
_bKRL 2013
100 1 _aKrebs, Jocelyn E.
_9114845
245 1 0 _aLewin's essential genes /
_cJocelyn E. Krebs, Elliott S. Goldstein, Stephen T. Kilpatrick.
246 1 _aEssential genes
250 _a3rd ed.
260 _aBurlington, MA :
_bJones and Bartlett Publishers,
_cc2013.
300 _axxi, 847 p. :
_bcol. ill. ;
_c28 cm.
500 _aCondensed ed. of: Genes X / Benjamin Lewin. c2011.
504 _aIncludes bibliographical references and index.
650 0 _aGenetics.
_9114846
650 0 _aGenes.
_9114847
650 1 2 _aGenes.
_9114847
650 2 2 _aDNA
_xgenetics.
_9114848
650 2 2 _aGenetic Processes.
_9114849
650 2 2 _aGenome.
_9114850
650 2 2 _aProteins
_xgenetics.
_9114851
650 2 2 _aRNA
_xgenetics.
_9114852
700 1 _aLewin, Benjamin.
_9114853
700 1 _aGoldstein, Elliott S.
_9114854
700 1 _aKilpatrick, Stephen T.
_9114855
700 1 _aLewin, Benjamin.
_tGenes X.
_9114856
942 _2ddc
_cBK
999 _c37418
_d37418